000 01001 a2200217 4500
005 20080910104241.0
008 080910t xxu||||| |||| 00| 0 hin d
010 _aHIN-79368
020 _a8188559040
_c75.00
035 _aHN-51714
037 _bD.B.Act / pub
082 _a394.3
100 _aपारीक सत्येन्द्र
245 _aहमारे आँचलिक खेल
_cसत्येन्द्र पारीक
250 _a2रा संस्क
260 _aजयपुर
_bपुनीत प्रकाशन
_c2006
270 _aए-3,कान्ती नगर
_bजयपुर
_k0141-2204664
300 _a59पृ
_c22 सेमी (सजिल्द)
942 _adpl
_cHN
_k394.3 / पारीक
_2ddc
_h394.3
_mपारीक
999 _c1646
_d1646